| 000 | 00875nam a22003015a 4500 | ||
|---|---|---|---|
| 999 |
_c156 _d156 |
||
| 001 | 17457279 | ||
| 003 | OSt | ||
| 005 | 20190729112349.0 | ||
| 008 | 120910s2012 nyu 000 0 eng | ||
| 010 | _a 2012949036 | ||
| 020 | _a9781770860391 (alk. paper) | ||
| 040 |
_aDLC _cDLC |
||
| 042 | _apcc | ||
| 082 | _aFIC NAR | ||
| 100 | 1 |
_aNarsimhan, Mahtab. _eauthor |
|
| 245 | 1 | 4 |
_aThe Tiffin / _cMahtab Narsimhan. |
| 260 |
_aNew York : _bCormorant Books, _c2012. |
||
| 263 | _a1210 | ||
| 300 |
_a192 p. _c20 cm. |
||
| 504 | _aInclude glossary | ||
| 650 |
_aJuvenile Fiction _vCooking & Food |
||
| 650 |
_aJuvenile Fiction _vFamily _xGeneral |
||
| 650 |
_aJuvenile Fiction _vLegends, Myths, Fables _xGeneral |
||
| 650 |
_aJuvenile Fiction _vPeople & Places _xAsia |
||
| 906 |
_a0 _bibc _corignew _d2 _eepcn _f20 _gy-gencatlg |
||
| 942 |
_2ddc _cFIC |
||